Loading...
| Fine Arts - Classical Music | 4 | 12.50 | 1,600% | 225% | 675% |
| Fine Arts - Other | 3 | 13.33 | 2,133% | 233% | 533% |
| Fine Arts - Painting & Sculpture | 3 | 6.67 | 2,133% | 0% | 233% |
| History - American | 5 | 10.00 | 1,620% | 180% | 480% |
| History - European | 5 | 12.00 | 4,220% | 540% | 0% |
| History - Other | 3 | 13.33 | 0% | 567% | 533% |
| History - World | 5 | 16.00 | 4,520% | 500% | 320% |
| Literature - American | 4 | 10.00 | 0% | 450% | 450% |
| Literature - British | 2 | 5.00 | 2,450% | 0% | 0% |
| Literature - European | 6 | 10.00 | 4,050% | 150% | 267% |
| Literature - World | 3 | 10.00 | 2,133% | 300% | 300% |
| Mythology | 5 | 10.00 | 1,620% | 180% | 480% |
| Other | 5 | 10.00 | 4,220% | 180% | 160% |
| Philosophy | 3 | 16.67 | 2,133% | 267% | 833% |
| Religion | 4 | 10.00 | 3,250% | 450% | 0% |
| Science - Biology | 3 | 13.33 | 1,633% | 300% | 600% |
| Science - Chemistry | 5 | 14.00 | 2,260% | 440% | 300% |
| Science - Other | 4 | 12.50 | 0% | 375% | 650% |
| Science - Physics | 2 | 15.00 | 2,450% | 450% | 450% |
| Social Science | 5 | 10.00 | 1,620% | 460% | 180% |